000 00224 a2200097 4500
001 29922
100 _aEnan
245 _aDecisive moments in the history of Islam
260 _a
_bS M Ashraf Lahore
_c
090 _c19923
_d19923
942 _aNUST-CAE
_cM
_c11028
999 _c264995
_d264995